000 01020nam a2200229Ia 4500
999 _c40439
_d40439
001 7048
003 GE_BSU
005 20230929154211.0
008 181216s2011||||ge |||||||||||||| ||geo||
020 _a9789941192586 (ტ.4)
040 _cGE_BSU
041 _ageo
080 _a821.353.1-31 ჯ-14
100 _aჯავახიშვილი, მიხეილ
_91373
245 _aარსენა მარაბდელი (წ.1) : რომანი :
_bტ. 4 პროზა :
_cმიხეილ ჯავახიშვილი ; სარედ. ჯგუფი : ზურაბ აბაშიძე, მანანა ჯანელიძე, ირმა ხარშილაძე ; გარეკანის დიზაინერი ეთერ გზირიშვილი.
260 _a.
264 _aთბილისი :
_bპალიტრა L,
_c2011.
300 _a352 გვ. ;
_c20 სმ.
541 _h10ლ.
653 _aრომანი
942 _cBK
_2udc